• 首页
  • 本馆介绍
  • 公告通知
  • 最新文献
  • 馆藏检索
  • 电子资源
  • 读者荐购
  • 参考咨询
  • CALIS
  • 我的图书馆
  • 登录
  • 详细信息显示
  • 放入我的书架
  • 预约/预借图书
  • 作者相关作品
  • 分类相关作品
  • 丛书相关作品
  • 出版社相关作品

书目信息

  • 表格格式
  • 工作单格式
  • 卡片格式
题名:
计算流体力学
    
 
作者: 屠基元 , 杨 , 刘超群 著 ;王晓冬 译
分册:  
出版信息: 沈阳   东北大学出版社  2009.10
页数: 330页
开本: 24cm
丛书名:
单 册:
中图分类: O35
科图分类:
主题词: 计算流体力学--ji suan liu ti li xue
电子资源:
ISBN: 978-7-81102-752-5
 
 
 
 
 
000 01321nam0 2200313 450
001 012010929636
005 20100529172509.48
010    @a978-7-81102-752-5@dCNY38.00
100    @a20100427d2009 em y0chiy0120 ea
101 1  @achi@ceng
102    @aCN@b210000
105    @aa a 000yy
106    @ar
200 1  @a计算流体力学@Aji suan liu ti li xue@e从实践中学习@d= Computational fluid dynamics@ea practical approach@f(澳) Jiyuan Tu, Guan Heng Yeoh, (美) Chaoqun Liu著@F(ao)Jiyuan Tu,Guan Heng Yeoh,(mei)Chaoqun Liu zhu@g王晓冬译@Gwang xiao dong yi@zeng
210    @a沈阳@c东北大学出版社@d2009.10
215    @a330页@c图@d24cm
314    @a责任者规范中译名: 屠基元、杨、刘超群
320    @a有书目 (第316-329页)
330    @a本书共8部分,内容包括:CFD求解入门、CFD基本控制方程、CFD求解技术基础、CFD计算结果分析基础、CFD模拟与分析实用技巧等。
500 10 @aComputational fluid dynamics : a practical approach@mChinese
517 1  @a从实践中学习@Acong shi jian zhong xue xi
606 0  @a计算流体力学@Aji suan liu ti li xue
690    @aO35@v4
701  0 @a屠基元@Atu ji yuan@g(Tu, Jiyuan)@4著
701  1 @a杨@Ayang@g(Yeoh, Guan Heng)@4著
701  0 @a刘超群@Aliu chao qun@g(Liu, Chaoqun)@4著
702  0 @a王晓冬@Awang xiao dong@4译
801  0 @aCN@bQSSK@c20100529
905    @b778955-57@dO35@eT922@f3
    
    计算流体力学:从实践中学习= Computational fluid dynamics:a practical approach/(澳) Jiyuan Tu, Guan Heng Yeoh, (美) Chaoqun Liu著/王晓冬译.-沈阳:东北大学出版社,2009.10
    330页:图;24cm
    
    
    ISBN 978-7-81102-752-5:CNY38.00
    本书共8部分,内容包括:CFD求解入门、CFD基本控制方程、CFD求解技术基础、CFD计算结果分析基础、CFD模拟与分析实用技巧等。
●
相关链接 在E读中查询图书 在当当中查询图书 在豆瓣中查询图书


正题名:计算流体力学     索取号:O35/T922         预约/预借

序号 登录号 条形码 馆藏地/架位号 状态 备注
1 778955   207789552   自科库401/401自科库 53排4列2层/ [索取号:O35/T922] 在馆    
2 778956   207789561   自科库401/401自科库 53排4列2层/ [索取号:O35/T922] 在馆    
3 778957   207789570   自科库401/401自科库 53排4列2层/ [索取号:O35/T922] 在馆    
河南城建学院图书馆 欢迎您!
大连网信软件有限公司© 版权所有